[Event "IND-ch U15 47th"]
[Site "New Delhi"]
[Date "2022.12.02"]
[Round "7"]
[White "Raj, Kapoor"]
[Black "Ankit, Ray"]
[Result "1/2-1/2"]
[WhiteElo "1540"]
[BlackElo "1816"]
[PlyCount "60"]
[EventDate "2022.11.28"]
[EventType "swiss"]
[EventRounds "11"]
[EventCountry "IND"]
[SourceTitle "CBM 211 Extra"]
[Source "ChessBase"]
[SourceDate "2023.01.31"]
[SourceVersion "1"]
[SourceVersionDate "2023.01.31"]
[SourceQuality "1"]

1. d4 Nf6 2. Bf4 d5 3. e3 c5 4. Nf3 Nc6 5. Nbd2 Qb6 6. dxc5 Qxb2 7. Rb1 Qc3 8. Bb5 Bd7 9. 0-0 e6 10. Ba4 Bxc5 11. Rxb7 Bb6 12. Bd6 Bc5 13. Bxc5 Qxc5 14. e4 0-0 15. exd5 exd5 16. Nb3 Qa3 17. Rxd7 Qxa4 18. Rc7 Rfc8 19. Rxc8+ Rxc8 20. Nbd4 Qxa2 21. Nxc6 Rxc6 22. Nd4 Rc8 23. Re1 g6 24. Qf3 Kg7 25. h3 Qa4 26. Qf4 Rc4 27. Nf5+ gxf5 28. Qg5+ Kf8 29. Qh6+ Kg8 30. Qg5+ Kf8 1/2-1/2